000 nam a22 7a 4500
999 _c10179
_d10179
008 180212b ||||| |||| 00| 0 eng d
100 _aKumar, M
_95989
245 _aInformation Technology
260 _aNew Delhi
_bHoly Faith Publication
_c2013